យក្ខិនីមុខសេះ : (Record no. 10126)
[ view plain ]
| 000 -LEADER | |
|---|---|
| fixed length control field | 02666nam a22003137a 4500 |
| 001 - CONTROL NUMBER | |
| control field | 10126 |
| 003 - CONTROL NUMBER IDENTIFIER | |
| control field | FISKH |
| 005 - DATE AND TIME OF LATEST TRANSACTION | |
| control field | 20260422142439.0 |
| 008 - FIXED-LENGTH DATA ELEMENTS--GENERAL INFORMATION | |
| fixed length control field | 260422b cb ||||| |||| 00| 0 eng d |
| 020 ## - INTERNATIONAL STANDARD BOOK NUMBER | |
| International Standard Book Number | 9789996301148 |
| 040 ## - CATALOGING SOURCE | |
| Original cataloging agency | FISKH |
| Language of cataloging | bin |
| Transcribing agency | FISKH |
| Modifying agency | FISKH |
| 050 ## - LIBRARY OF CONGRESS CALL NUMBER | |
| Classification number | PZ7 |
| 082 ## - DEWEY DECIMAL CLASSIFICATION NUMBER | |
| Classification number | 398.2 |
| 100 ## - MAIN ENTRY--PERSONAL NAME | |
| Personal name | Sotheary , Kimsun |
| 245 ## - TITLE STATEMENT | |
| Title | យក្ខិនីមុខសេះ : |
| Remainder of title | Horse faced-ogress / |
| Statement of responsibility, etc. | រៀបរៀងដោយ អ្នកស្រី គឹមស៊ុន សុធារី |
| 260 ## - PUBLICATION, DISTRIBUTION, ETC. | |
| Place of publication, distribution, etc. | ភ្នំពេញ : |
| Name of publisher, distributor, etc. | Reading Book , |
| Date of publication, distribution, etc. | 2010. |
| 300 ## - PHYSICAL DESCRIPTION | |
| Extent | 20 pages : |
| Other physical details | color illustrations ; |
| Dimensions | 25 cm . |
| 490 ## - SERIES STATEMENT | |
| Series statement | ពិភពរឿងនិទាន |
| 505 ## - FORMATTED CONTENTS NOTE | |
| Formatted contents note | M <br/> |
| 520 ## - SUMMARY, ETC. | |
| Summary, etc. | រឿង «យក្ខិនីមុខសេះ» គឺជារឿងនិទានបុរាណខ្មែរ អំពីយក្ខិនី (អារក្សស្រី) ដែលមានមុខដូចសេះ។<br/><br/>នាងមានសមត្ថភាពបំលែងខ្លួនឲ្យមើលទៅដូចមនុស្សស្រីស្រស់ស្អាត ដើម្បីបោកបញ្ឆោតអ្នកដំណើរ ឬបុរសវ័យក្មេង។ ពេលដែលជនរងគ្រោះជឿទុកចិត្ត នាងក៏បង្ហាញរូបរាងពិតរបស់នាង ហើយធ្វើអំពើអាក្រក់ទៅលើពួកគេ។<br/><br/>នៅក្នុងរឿង តែងមានតួអង្គមនុស្សឆ្លាត ឬក្លាហាន ដែលអាចរកឃើញអាថ៌កំបាំងរបស់នាង និងរួចផុតពីគ្រោះថ្នាក់ ឬក៏យកឈ្នះនាងបាន។<br/><br/> |
| 520 ## - SUMMARY, ETC. | |
| Summary, etc. | “Yakkhini Muk Sese” (The Horse-Faced Yakshini) is a traditional Khmer folktale about a terrifying female spirit (yakshini) who has the face of a horse. She is known for disguising herself as a normal woman to trick people, especially travelers or young men.<br/><br/>In the story, she uses her beauty or human appearance to gain trust, then reveals her true monstrous form to harm or devour her victims. The tale often follows a brave or clever character who discovers her secret and manages to escape or defeat her. |
| 521 8# - TARGET AUDIENCE NOTE | |
| Target audience note | 530 <br/> |
| Source | Lexile estimate <br/> |
| 521 8# - TARGET AUDIENCE NOTE | |
| Target audience note | M <br/> |
| Source | Raz-Plus <br/> |
| 650 ## - SUBJECT ADDED ENTRY--TOPICAL TERM | |
| Topical term or geographic name entry element | យក្ខិនីមុខសេះ |
| Form subdivision | រឿងនិទានកុមារ |
| 650 ## - SUBJECT ADDED ENTRY--TOPICAL TERM | |
| Topical term or geographic name entry element | Horse faced-ogress |
| Form subdivision | Children's Stories |
| 700 ## - ADDED ENTRY--PERSONAL NAME | |
| Personal name | San , Thai |
| Relator term | Illustrator |
| 942 ## - ADDED ENTRY ELEMENTS (KOHA) | |
| Source of classification or shelving scheme | Dewey Decimal Classification |
| Koha item type | Books |
| Suppress in OPAC | No |
| Withdrawn status | Lost status | Source of classification or shelving scheme | Damaged status | Not for loan | Collection | Home library | Current library | Shelving location | Date acquired | Total Checkouts | Full call number | Barcode | Date last seen | Price effective from | Koha item type |
|---|---|---|---|---|---|---|---|---|---|---|---|---|---|---|---|
| Dewey Decimal Classification | Khmer-English Bilingual / ភាសាខ្មែរ-អង់គ្លេស | Footprints International School Library Network Toul Tom Poung Campus | Footprints International School Library Network Toul Tom Poung Campus | TTP Primary Khmer Bookshelves | 04/22/2026 | SOT PZ7 398.2 | 2026-0525 | 04/22/2026 | 04/22/2026 | Books |
